Postupy využitia štatistických funkcií MS Excelu 2007 bakalárska práca

Guardado en:
Detalles Bibliográficos
Autor principal: Debnárová, Veronika
Autor Corporativo: Fakulta hospodárskej informatiky EU. Katedra aplikovanej informatiky
Otros Autores: Brixová, Janette
Formato: Libro
Lenguaje:eslovaco
Publicado: Bratislava 2011
Etiquetas: Agregar Etiqueta
Sin Etiquetas, Sea el primero en etiquetar este registro!

MARC

LEADER 00000nbm a2200000 4500
001 0141080
005 20161109111733.0
041 0 |a slo 
044 |a SK 
245 1 0 |a Postupy využitia štatistických funkcií MS Excelu 2007  |b bakalárska práca  |c Veronika Debnárová ; školiteľ: Janette Brixová 
264 1 |a Bratislava  |c 2011 
300 |a 39 s. 
100 1 |a Debnárová, Veronika 
700 1 |a Brixová, Janette 
710 2 |a Fakulta hospodárskej informatiky EU. Katedra aplikovanej informatiky